De quel manga ces personnages proviennent-ils ? #1 - Statistiques

Statistiques générales
  • Ce quiz a été pris 128 fois
  • Le résultat moyen est 10 sur 16
Statistiques - réponses
Par images Réponse % Correct
Dragon Ball Z
98%
Naruto
98%
One Piece
98%
Assassination Classroom
95%
Berserk
91%
Tokyo Ghoul
85%
The Legend of Zelda : Twilight Princess
81%
Tokyo Revengers
70%
Astro Boy
64%
A Silent Voice
49%
Blue Exorcist
40%
Akira
38%
Toilet Bound Hanako Kun
37%
Ano Hana
16%
March Comes in like a Lion
6%
Gen d'Hiroshima
4%
Aucun quiz correspondant
Distribution des résultats
% des personnes avec chaque résultat
Percentile par nombre de réponses
Votre historique - résultats
Vous n’avez pas pris ce quiz